[Event "Kalamazoo (MI Am/1/32)"]
[Site "?"]
[Date "1997.??.??"]
[Round "?"]
[White "Biondo, S."]
[Black "Holt, Dan"]
[Result "0-1"]
[WhiteElo "1605"]
[BlackElo "1605"]
[PlyCount "80"]
[EventDate "1997.??.??"]

{1/(32)} 1. e4 c5 2. Nf3 d6 3. Nc3 Nc6 4. Bb5 Bd7 5. O-O Nf6 6. d3 g6 7. Bg5
Bg7 8. h3 O-O 9. Nd5 a6 10. Bxf6 Bxf6 11. Nxf6+ exf6 12. Bc4 b5 13. Bd5 Rb8 14.
Bxc6 Bxc6 15. b3 Re8 16. c4 bxc4 17. bxc4 Bd7 18. Nd2 f5 19. Rb1 fxe4 20. Rxb8
Qxb8 21. dxe4 Qb2 22. f3 Qxa2 23. Nb3 Ba4 24. Rf2 Qxb3 25. Qxb3 Bxb3 26. Rb2
Bxc4 27. Rb6 Rd8 28. Rb1 a5 29. Ra1 Ra8 30. Ra4 Bb5 31. Ra3 a4 32. f4 Bc6 33.
Re3 a3 34. Re1 a2 35. Ra1 Bxe4 36. h4 Bd5 37. g3 Rb8 38. Kh2 Rb1 39. Rxb1
axb1=Q 40. h5 Qh1# 0-1

[Event "Kalamazoo (MI Am/1/12)"]
[Site "?"]
[Date "1997.??.??"]
[Round "?"]
[White "Biondo, Anthony"]
[Black "Jendras, Gerard"]
[Result "0-1"]
[WhiteElo "1605"]
[BlackElo "1860"]
[PlyCount "128"]
[EventDate "1997.??.??"]

{1/(12)} 1. e4 e5 2. Nf3 Nc6 3. Nc3 Nf6 4. d3 Bb4 5. Bd2 d5 6. a3 Be7 7. exd5
Nxd5 8. Nxd5 Qxd5 9. c4 Qe6 10. Be2 O-O 11. O-O Qg6 12. Re1 Bh3 13. Bf1 Bg4 14.
Bc3 Bf6 15. g3 Rad8 16. h3 Bf5 17. Re3 e4 18. Bxf6 Qxf6 19. Nh4 exd3 20. Nxf5
Qxf5 21. Rxd3 Rxd3 22. Qxd3 Qf6 23. Rb1 Rd8 24. Qb3 Rd2 25. Qe3 Rd8 26. Rd1 Nd4
27. Bg2 c6 28. Re1 g6 29. Qe7 Kg7 30. Qxb7 a5 31. Qe7 Rb8 32. Qxf6+ Kxf6 33.
Rb1 Ke5 34. b4 Nc2 35. Bxc6 Nxa3 36. Re1+ Kd6 37. b5 Nxc4 38. Rd1+ Kc5 39. Rd7
Nd6 40. Ra7 Nxb5 41. Bxb5 Rxb5 42. Rxf7 h5 43. Rf6 Rb6 44. Rf3 a4 45. Re3 Rb3
46. Re1 a3 47. Kg2 a2 48. Ra1 Rb2 49. Kf3 Kb4 50. Ke3 Ka3 51. f3 Rb1 52. Rxa2+
Kxa2 53. Kf4 Rb5 54. g4 g5+ 55. Ke4 hxg4 56. hxg4 Kb3 57. f4 Rb4+ 58. Kf3 Rxf4+
59. Kg3 Kc3 60. Kh3 Kd3 61. Kg3 Ke3 62. Kh3 Kf2 63. Kh2 Rf8 64. Kh1 Rh8# 0-1

[Event "Kalamazoo (MI Am/3/18)"]
[Site "?"]
[Date "1997.??.??"]
[Round "?"]
[White "Biondo, Anthony"]
[Black "Griffin, John"]
[Result "1/2-1/2"]
[WhiteElo "1605"]
[BlackElo "1605"]
[PlyCount "140"]
[EventDate "1997.??.??"]

{3/(18)} 1. e4 c5 2. Nf3 Nc6 3. Nc3 Nf6 4. Bc4 e6 5. d3 a6 6. d4 cxd4 7. Nxd4
Bb4 8. Bg5 h6 9. Bh4 Bxc3+ 10. bxc3 g5 11. Nxc6 bxc6 12. Bg3 d5 13. exd5 cxd5
14. Bb3 Ne4 15. Qd4 f6 16. O-O O-O 17. c4 Bb7 18. cxd5 Bxd5 19. Bxd5 Qxd5 20.
Qxd5 exd5 21. Rfd1 Nxg3 22. fxg3 Rfd8 23. Rd4 Rac8 24. Rc1 Kf7 25. Kf2 Rc4 26.
Ke3 f5 27. Kd3 Rc5 28. Rf1 Kf6 29. g4 f4 30. g3 Rdc8 31. Rf2 Rc3+ 32. Ke2 Ke5
33. Rd2 Rxc2 34. gxf4+ gxf4 35. Ke1 Rxd2 36. Rxd2 Rc3 37. Kf2 Ke4 38. Kg2 d4
39. h4 Rg3+ 40. Kf2 d3 41. Rb2 Rxg4 42. Rb4+ Kd5 43. h5 d2 44. Rb1 Rh4 45. Rd1
Ke4 46. Kg2 Rxh5 47. Rxd2 f3+ 48. Kg1 Rg5+ 49. Kf1 h5 50. Rb2 Rd5 51. Rb6 Rd1+
52. Kf2 Rd2+ 53. Kf1 Rxa2 54. Re6+ Kf5 55. Rc6 Kg4 56. Rg6+ Kf5 57. Rc6 h4 58.
Rc5+ Ke4 59. Rc4+ Ke3 60. Rc3+ Kd4 61. Rxf3 Ke5 62. Rh3 Ra4 63. Kg2 Re4 64. Ra3
Kf4 65. Rxa6 Kg5 66. Ra3 Kg4 67. Ra2 h3+ 68. Kh2 Kf3 69. Ra3+ Kg4 70. Ra2 Kh4
1/2-1/2

[Event "Kalamazoo (MI Am/2/12)"]
[Site "?"]
[Date "1997.??.??"]
[Round "?"]
[White "Biondo, Albert"]
[Black "Sparks, Frazier"]
[Result "0-1"]
[WhiteElo "1605"]
[BlackElo "1860"]
[PlyCount "50"]
[EventDate "1997.??.??"]

{2/(12)} 1. e4 c5 2. Nf3 Nc6 3. Bc4 e6 4. d3 d5 5. exd5 exd5 6. Bb3 Nf6 7. O-O
Be7 8. a3 O-O 9. Ba2 Bg4 10. Nbd2 Qd6 11. b3 Bd8 12. Bb2 Bc7 13. g3 Ba5 14. Kg2
b5 15. c3 Ne5 16. b4 Nxd3 17. bxa5 Nxb2 18. Qb3 Nd3 19. Qxb5 c4 20. Nxc4 dxc4
21. Qxc4 Rac8 22. Qb3 Qc6 23. Qd1 Ne5 24. Bd5 Nxd5 25. Nxe5 Ne3+ 0-1

[Event "Kalamazoo (MI Am/4/12)"]
[Site "?"]
[Date "1997.??.??"]
[Round "?"]
[White "Biondo, Albert"]
[Black "Foord, Allan"]
[Result "0-1"]
[WhiteElo "1605"]
[BlackElo "1605"]
[PlyCount "110"]
[EventDate "1997.??.??"]

{4/(12)} 1. e4 c5 2. Nf3 d6 3. Bc4 Nf6 4. d3 Bg4 5. h3 Bh5 6. g4 Bg6 7. Nh4
Nbd7 8. a3 e6 9. b4 a6 10. Bb2 b5 11. Bb3 Be7 12. Nd2 Rc8 13. Qe2 O-O 14. O-O-O
Qc7 15. c4 cxb4 16. axb4 bxc4 17. dxc4 Bxe4 18. Nxe4 Nxe4 19. Nf3 Ng5 20. h4
Nxf3 21. Qxf3 Bf6 22. Bxf6 Nxf6 23. g5 Nd5 24. h5 Nxb4 25. h6 f5 26. Qc3 Nd5
27. Qd4 Rf7 28. g6 hxg6 29. hxg7 Rxg7 30. Rh2 Rh7 31. Rg2 Qg7 32. Kb2 Qxd4+ 33.
Rxd4 Nb6 34. Rxg6+ Kf7 35. Rxd6 Kxg6 36. Rxe6+ Kg5 37. Rxb6 Rh2 38. Rxa6 Rxf2+
39. Ka3 Rf1 40. Kb2 Kf4 41. Ra4 Ke3 42. Kc3 f4 43. Ra6 f3 44. Re6+ Kf2 45. Bc2
Rc1 46. Kd2 Rxc2+ 47. Kxc2 Rxc4+ 48. Kd3 Rf4 49. Re5 Kf1 50. Ke3 Rf8 51. Kd3 f2
52. Kd2 Rd8+ 53. Ke3 Ke1 54. Rf5 f1=Q 55. Rxf1+ Kxf1 0-1

[Event "Tecumseh (RVO/2/26)"]
[Site "?"]
[Date "1997.??.??"]
[Round "?"]
[White "Bhagwat, Samuel"]
[Black "Smith, T."]
[Result "0-1"]
[WhiteElo "1605"]
[BlackElo "1605"]
[PlyCount "62"]
[EventDate "1997.??.??"]

{2/(26)} 1. e4 e5 2. f4 exf4 3. Nf3 Nc6 4. d4 Nf6 5. Nc3 Bb4 6. Qe2 Bxc3+ 7.
bxc3 d6 8. Bxf4 O-O 9. e5 Nh5 10. Bg5 f6 11. exf6 Nxf6 12. Bxf6 Qxf6 13. Qd3
Bf5 14. Qc4+ Kh8 15. Bd3 Be6 16. d5 Na5 17. Qa4 Qxc3+ 18. Kf2 Qc5+ 19. Ke2 Qxd5
20. Qh4 Bf5 21. Bxf5 Rxf5 22. Rad1 Qe6+ 23. Kf2 Nc4 24. Rhe1 Qd7 25. Qxc4 Rc5
26. Qe4 d5 27. Qb4 Rxc2+ 28. Kg1 b6 29. Re7 Qf5 30. Qb5 Qg6 31. Rde1 Qxg2# 0-1

[Event "Tecumseh (RVO/4/22)"]
[Site "?"]
[Date "1997.??.??"]
[Round "?"]
[White "Bhagwat, Samuel"]
[Black "Ohlemacher, Scott"]
[Result "1-0"]
[WhiteElo "1605"]
[BlackElo "1605"]
[PlyCount "99"]
[EventDate "1997.??.??"]

{4/(22)} 1. e4 c5 2. Nf3 d6 3. Nc3 Nc6 4. d4 cxd4 5. Nxd4 Bd7 6. Bc4 Nf6 7. O-O
g6 8. Be3 Bg7 9. Qd2 O-O 10. f4 a6 11. Rad1 b5 12. Bb3 b4 13. Nd5 a5 14. Nxc6
Bxc6 15. Bb6 Nxe4 16. Bxd8 Nxd2 17. Nxe7+ Kh8 18. Rxd2 Bxg2 19. Kxg2 Raxd8 20.
Nc6 Rd7 21. Nxa5 Bxb2 22. Nc4 Bc3 23. Rd3 d5 24. Nb6 Rd6 25. Nxd5 Rfd8 26. f5
Kg7 27. f6+ Kf8 28. h3 h5 29. Rfd1 h4 30. Kf3 Bxf6 31. Nxf6 Rxf6+ 32. Kg4 Rxd3
33. Rxd3 Rf5 34. Kxh4 Rh5+ 35. Kg4 f5+ 36. Kf4 Rh4+ 37. Kg5 Rh5+ 38. Kxg6 Rh8
39. Kxf5 Rh5+ 40. Kg6 Rh8 41. Rd8+ Ke7 42. Rxh8 Kd6 43. Kf6 Kc5 44. Ke5 Kc6 45.
Rd8 Kc5 46. Rc8+ Kb6 47. Kd6 Kb7 48. Rc6 Kb8 49. Rc7 Ka8 50. Bd5+ 1-0

[Event "Michigan Action"]
[Site "Detroit, MI"]
[Date "1997.??.??"]
[Round "?"]
[White "Berry, DeMarcus"]
[Black "Choate, Eric"]
[Result "1-0"]
[WhiteElo "1605"]
[BlackElo "1605"]
[PlyCount "83"]
[EventDate "1997.12.14"]

1. e4 e5 2. Nf3 Nc6 3. Bc4 d6 4. h3 Be7 5. c3 Nf6 6. Ng5 O-O 7. Qb3 Qe8 8. Bb5
Bd7 9. Qc2 h6 10. Nf3 a6 11. Be2 d5 12. d3 d4 13. a3 a5 14. O-O Bc5 15. Nbd2
Qe7 16. cxd4 Bxd4 17. Nb3 Bb6 18. Bd2 Rfd8 19. Bc3 Be6 20. Nc1 Nd4 21. Nxd4
exd4 22. Bd2 c5 23. f4 Bc7 24. f5 Bd7 25. Nb3 b6 26. Rac1 Ba4 27. Qc4 Bxb3 28.
Qxb3 Qe5 29. Bf4 Qe7 30. Bxc7 Qxc7 31. Rce1 Re8 32. Bd1 Rab8 33. Qb5 Nd7 34.
Bh5 Ne5 35. Rc1 Qd6 36. Rf2 Rec8 37. Rfc2 Rc6 38. b3 Rbc8 39. a4 Qc7 40. Kh1
Kh7 41. Rf1 Rf6 42. Rcf2 {[Remainder unavailable]} 1-0

[Event "Kalamazoo (MI Am/4/8)"]
[Site "?"]
[Date "1997.??.??"]
[Round "?"]
[White "Berndt, Harry"]
[Black "Levadi, David"]
[Result "1-0"]
[WhiteElo "1605"]
[BlackElo "1900"]
[PlyCount "91"]
[EventDate "1997.??.??"]

{4/(8)} 1. Nf3 Nf6 2. b3 d6 3. Bb2 e5 4. d3 g6 5. Nc3 Bg7 6. e4 O-O 7. Qd2 c6
8. Be2 Na6 9. h3 Nh5 10. O-O-O Nf4 11. Bf1 b5 12. Ne2 Bh6 13. Kb1 Kg7 14. g3
Ne6 15. Qe1 c5 16. c4 Nac7 17. Nh2 Kg8 18. Ng4 Bg7 19. Bg2 Bb7 20. Ne3 a5 21.
Nc2 b4 22. g4 a4 23. h4 Qb8 24. Qd2 axb3 25. axb3 Qa7 26. Nc1 Nf4 27. Bf3 Nce6
28. Rdg1 Bc6 29. g5 f5 30. gxf6 Bxf6 31. Bg4 Qe7 32. Bxe6+ Nxe6 33. Qh6 Bg7 34.
Qe3 Nf4 35. Ne1 Rf7 36. Nf3 Ne6 37. h5 Nf4 38. hxg6 Nxg6 39. Ng5 Bf6 40. Nxf7
Qxf7 41. Qf3 Kh8 42. Rh6 Rg8 43. Ne2 Be8 44. Rgh1 Rg7 45. Ng3 Bd8 46. Qxf7 1-0

[Event "Kalamazoo (MI Am/2/10)"]
[Site "?"]
[Date "1997.??.??"]
[Round "?"]
[White "Berndt, Harry"]
[Black "Henderson, H."]
[Result "1/2-1/2"]
[WhiteElo "1605"]
[BlackElo "1870"]
[PlyCount "127"]
[EventDate "1997.??.??"]

{2/(10)} 1. Nf3 c5 2. b3 Nc6 3. Bb2 d5 4. e3 Bg4 5. h3 Bh5 6. g4 Bg6 7. Bb5 Qb6
8. Bxc6+ Qxc6 9. Ne5 Qe6 10. Nxg6 hxg6 11. Nc3 d4 12. Ne2 Nf6 13. Ng3 O-O-O 14.
Qf3 Qb6 15. g5 Nd5 16. a3 f5 17. gxf6 gxf6 18. e4 Nc7 19. Qg4+ Qe6 20. Qxg6
Rxh3 21. Rxh3 Qxh3 22. O-O-O d3 23. Rh1 Qd7 24. c4 Ne6 25. Qf5 Bg7 26. Rh7 Kb8
27. Nh5 Bh8 28. Nxf6 Bxf6 29. Bxf6 Re8 30. Qd5 Qxd5 31. cxd5 Nd4 32. Rxe7 Rxe7
33. Bxe7 Nxb3+ 34. Kd1 Kc7 35. f4 Kd7 36. Bf6 c4 37. Bc3 Nc5 38. e5 Ne4 39. f5
Ng5 40. e6+ Ke8 41. d6 Ne4 42. d7+ Kd8 43. f6 Ng5 44. f7 Nxe6 45. Bg7 Kxd7 46.
f8=Q Nxf8 47. Bxf8 Kc6 48. Bb4 Kb5 49. Kc1 a5 50. Bc3 Ka4 51. Kb2 b5 52. Bd4 b4
53. axb4 axb4 54. Be5 Kb5 55. Bd4 Kc6 56. Be3 Kd5 57. Bh6 Ke4 58. Be3 c3+ 59.
Kc1 b3 60. Kb1 Kf3 61. Bh6 cxd2 62. Bxd2 Ke2 63. Bh6 Kd1 64. Kb2 1/2-1/2

[Event "Lansing (MOR/3/19)"]
[Site "?"]
[Date "1997.??.??"]
[Round "?"]
[White "Benjamin, H."]
[Black "Sinke, Brian"]
[Result "1-0"]
[WhiteElo "1700"]
[BlackElo "1605"]
[PlyCount "85"]
[EventDate "1997.??.??"]

{3/(19)} 1. d4 f5 2. c4 Nf6 3. Nc3 g6 4. h3 Bg7 5. Bf4 d6 6. Nf3 O-O 7. e3 Qe8
8. Be2 Nh5 9. Bh2 e5 10. Nd5 Na6 11. c5 f4 12. Bxa6 bxa6 13. Nxc7 Qc6 14. Nxa8
Qxa8 15. cxd6 exd4 16. O-O fxe3 17. fxe3 Bb7 18. exd4 Nf4 19. Bxf4 Rxf4 20.
Qb3+ Bd5 21. Qe3 g5 22. Rad1 Qd8 23. Qe7 Bf6 24. Qxd8+ Bxd8 25. Ne5 Bb6 26.
Rxf4 gxf4 27. b3 Kg7 28. d7 Kf8 29. Kf1 Ke7 30. Ke2 Bxg2 31. Kd3 Bxh3 32. Ke4
Bxd7 33. Nxd7 Kxd7 34. Kxf4 a5 35. Ke4 Ke6 36. Rh1 Kd7 37. Rxh7+ Kc6 38. Rh6+
Kb7 39. Kd5 Bc7 40. Rc6 Bg3 41. Rc4 Bc7 42. Ke6 Bg3 43. d5 1-0

[Event "Lansing (MOR/1a/7)"]
[Site "?"]
[Date "1997.??.??"]
[Round "?"]
[White "Benjamin, H."]
[Black "Moulter, Art"]
[Result "1-0"]
[WhiteElo "1700"]
[BlackElo "1605"]
[PlyCount "39"]
[EventDate "1997.??.??"]

1. d4 d5 2. c4 c6 3. c5 Nf6 4. Nc3 Bf5 5. Nf3 e6 6. h3 Be7 7. Bf4 Nbd7 8. e3
O-O 9. Bd3 Bxd3 10. Qxd3 b6 11. b4 b5 12. a4 a6 13. O-O h6 14. Ra2 Ra7 15. Rfa1
Qa8 16. axb5 cxb5 17. Nxb5 axb5 18. Rxa7 Qc6 19. Rc7 e5 20. Rxc6 1-0

[Event "Lansing (MOR/7/4)"]
[Site "?"]
[Date "1997.??.??"]
[Round "?"]
[White "Benjamin, H."]
[Black "Kreger, David"]
[Result "0-1"]
[WhiteElo "1700"]
[BlackElo "1695"]
[PlyCount "90"]
[EventDate "1997.??.??"]

{7/(4)} 1. d4 Nf6 2. c4 e6 3. a3 c5 4. e3 cxd4 5. exd4 d5 6. c5 Nc6 7. Nf3 Qc7
8. b4 e5 9. Bb5 e4 10. Ne5 Be7 11. Bf4 Bg4 12. Qa4 Nh5 13. Be3 Bd7 14. g4 Nf6
15. Bf4 Nxe5 16. Bxe5 Bxb5 17. Qxb5+ Qd7 18. Qxd7+ Kxd7 19. Rg1 g5 20. Nc3 Ke6
21. Ke2 h5 22. gxh5 Rxh5 23. Rg2 Rg8 24. a4 Nd7 25. Bg3 f5 26. f3 f4 27. Bf2
Nf6 28. Rag1 g4 29. fxg4 Rh3 30. Kd2 e3+ 31. Bxe3 Rxe3 32. Rf2 Rxc3 33. Rxf4
Rh3 34. Rg2 Ne4+ 35. Kc2 Rgh8 36. Rf5 Rxh2 37. Rxh2 Rxh2+ 38. Kb3 Rh3+ 39. Ka2
Bf6 40. b5 Bxd4 41. c6 Nc3+ 42. Kb3 Nxb5+ 43. Kb4 Nd6 44. c7 Bb6 45. Rh5 a5#
0-1

[Event "Lansing (MOR/5/8)"]
[Site "?"]
[Date "1997.??.??"]
[Round "?"]
[White "Benjamin, H."]
[Black "Gregg, Ted"]
[Result "1-0"]
[WhiteElo "1700"]
[BlackElo "1605"]
[PlyCount "69"]
[EventDate "1997.??.??"]

{5/(8)} 1. d4 d5 2. c4 e6 3. c5 Nf6 4. Nc3 c6 5. Qa4 Be7 6. Nf3 Nbd7 7. h3 b6
8. b4 Bb7 9. Bf4 O-O 10. e3 Nh5 11. Bh2 f5 12. Be2 g6 13. Qb3 Ng7 14. O-O Nf6
15. a4 Ne4 16. Qc2 bxc5 17. bxc5 Qa5 18. Nxe4 fxe4 19. Ne5 Bd8 20. Rab1 Ba6 21.
Nxc6 Bd3 22. Bxd3 exd3 23. Qxd3 Qxa4 24. Nxd8 Rfxd8 25. Be5 Rd7 26. Rb3 Qc6 27.
Rfb1 Ne8 28. Qb5 Qxb5 29. Rxb5 Kf7 30. c6 Rdd8 31. Rb7+ Kf8 32. Rxh7 Rdc8 33.
Rh8+ Ke7 34. Rb7+ Kd8 35. Bf6# 1-0

[Event "Tecumseh (RVO/3/14)"]
[Site "?"]
[Date "1997.??.??"]
[Round "?"]
[White "Bedy, N."]
[Black "Vasos, John"]
[Result "1-0"]
[WhiteElo "1605"]
[BlackElo "1605"]
[PlyCount "39"]
[EventDate "1997.??.??"]

{3/(14)} 1. d4 Nf6 2. Nc3 d5 3. e4 dxe4 4. f3 Bf5 5. fxe4 Nxe4 6. Qf3 Nxc3 7.
bxc3 Bxc2 8. Qxb7 Nd7 9. Bb5 e6 10. Nf3 a6 11. Bxd7+ Kxd7 12. Ne5+ Ke8 13. Qc6+
Ke7 14. Ba3+ Kf6 15. O-O+ Bf5 16. Rxf5+ Kxf5 17. Rf1+ Kg5 18. Bc1+ Kh4 19. Qe4+
Kh5 20. Qf3+ 1-0

[Event "Lansing (MOR/6/12)"]
[Site "?"]
[Date "1997.??.??"]
[Round "?"]
[White "Bedy, N."]
[Black "Turkalo, A."]
[Result "0-1"]
[WhiteElo "1605"]
[BlackElo "1740"]
[PlyCount "54"]
[EventDate "1997.??.??"]

{6/(12)} 1. d4 Nf6 2. Nc3 d5 3. e4 dxe4 4. f3 exf3 5. Nxf3 Bg4 6. h3 Bxf3 7.
Qxf3 c6 8. Be3 e6 9. Bd3 Nbd7 10. O-O Be7 11. Ne4 Qa5 12. Nxf6+ Nxf6 13. c4 O-O
14. Rf2 Rad8 15. g4 e5 16. g5 Ne8 17. Qh5 g6 18. Qg4 exd4 19. Bd2 Qc7 20. Raf1
c5 21. h4 Ng7 22. h5 Nxh5 23. Rh2 f5 24. gxf6 Nxf6 25. Qe6+ Rf7 26. Qh3 Qd7 27.
Qf3 Qg4+ 0-1

[Event "Lansing (MOR/4/8)"]
[Site "?"]
[Date "1997.??.??"]
[Round "?"]
[White "Bedy, N."]
[Black "Moore, Robert"]
[Result "0-1"]
[WhiteElo "1605"]
[BlackElo "1640"]
[PlyCount "100"]
[EventDate "1997.??.??"]

{4/(8)} 1. d4 g6 2. Nc3 Bg7 3. e4 d6 4. f4 e5 5. Be3 exf4 6. Bxf4 Nc6 7. Be3
Nf6 8. Nf3 O-O 9. h3 Re8 10. Bd3 a6 11. O-O Nh5 12. Ne2 Nf6 13. Bg5 h6 14. Bxf6
Bxf6 15. c3 Kh7 16. Qe1 Rf8 17. Qg3 Ne7 18. Rf2 Ng8 19. Nf4 Bg5 20. Nxg5+ Qxg5
21. Qxg5 hxg5 22. Nd5 c6 23. Nf6+ Kg7 24. Raf1 Be6 25. b3 Nxf6 26. Rxf6 Rad8
27. Kh2 Bf5 28. exf5 Kxf6 29. fxg6+ Kg7 30. gxf7 Rxf7 31. Rxf7+ Kxf7 32. Kg3
Re8 33. Kf2 c5 34. d5 Kf6 35. c4 Ke5 36. Ke3 Rf8 37. Be2 a5 38. Bf3 Ra8 39. Bd1
Kf5 40. Bc2+ Kf6 41. Kf3 Re8 42. Kf2 Rf8 43. Kg3 Re8 44. Kf2 Re5 45. Bd3 a4 46.
bxa4 Re8 47. Bc2 Ke5 48. Ke3 Rf8 49. Bd3 Rf4 50. Bc2 Rxc4 0-1

[Event "Michigan Senior"]
[Site "Ann Arbor, MI"]
[Date "1997.??.??"]
[Round "1.7"]
[White "Bedy, N."]
[Black "Levadi, David"]
[Result "0-1"]
[WhiteElo "1605"]
[BlackElo "1900"]
[PlyCount "82"]
[EventDate "1997.??.??"]

{1/(7)} 1. d4 d5 2. e4 dxe4 3. Nc3 Nf6 4. f3 exf3 5. Nxf3 g6 6. Bc4 Bg7 7. O-O
Nbd7 8. Qe1 O-O 9. Qh4 c6 10. Bh6 b5 11. Bxg7 Kxg7 12. Bd3 e6 13. Qf4 Bb7 14.
Ne5 Nd5 15. Nxd5 exd5 16. Rae1 Nxe5 17. Qxe5+ f6 18. Qf4 Qd7 19. Re2 Rad8 20.
Ref2 Qd6 21. Qg4 Bc8 22. Qf3 Rde8 23. h4 h5 24. Qf4 Qxf4 25. Rxf4 Bg4 26. R4f2
Re3 27. a3 f5 28. Kh2 Rfe8 29. Rf4 Be2 30. Bxf5 gxf5 31. Rxf5 R8e7 32. Rg5+ Kh7
33. Re1 Rg7 34. Rxg7+ Kxg7 35. Kg1 Re4 36. Kf2 Bg4 37. Rxe4 dxe4 38. b3 Kf6 39.
c4 bxc4 40. bxc4 Be6 41. Ke3 Kf5 0-1

[Event "Tecumseh (RVO/5/15)"]
[Site "?"]
[Date "1997.??.??"]
[Round "?"]
[White "Bedy, N."]
[Black "Hooker, Larry"]
[Result "1-0"]
[WhiteElo "1605"]
[BlackElo "1605"]
[PlyCount "93"]
[EventDate "1997.??.??"]

{5/(15)} 1. d4 d5 2. e4 e6 3. Be3 Nc6 4. exd5 exd5 5. c3 Nf6 6. Nf3 Bg4 7. Bd3
Bd6 8. O-O O-O 9. Nbd2 Re8 10. Bg5 Be7 11. Qc2 h6 12. Bxf6 Bxf6 13. h3 Bd7 14.
Rae1 Rxe1 15. Rxe1 Be6 16. Bf5 Bxf5 17. Qxf5 Ne7 18. Qd3 Qd6 19. Nf1 Ng6 20.
Qb5 b6 21. Re8+ Rxe8 22. Qxe8+ Kh7 23. Qxf7 Nf4 24. Qe8 Be7 25. Ng3 Ng6 26. Nf5
Qd8 27. Qxd8 Bxd8 28. g3 Kg8 29. Kf1 Kf7 30. Ke2 Ke6 31. Ne3 Kd7 32. Nf5 Bg5
33. Nxg5 hxg5 34. Kf3 c5 35. Kg4 Ke6 36. Kxg5 Nf8 37. h4 Nh7+ 38. Kf4 Nf6 39.
g4 Ne4 40. f3 Nd2 41. h5 Nb1 42. h6 Kd7 43. h7 Kc6 44. h8=Q Kb5 45. Qe8+ Ka5
46. Nd6 a6 47. Nb7# 1-0

[Event "Michigan Senior"]
[Site "Ann Arbor, MI"]
[Date "1997.??.??"]
[Round "3.13"]
[White "Bedy, N."]
[Black "Crysler, Jerry"]
[Result "0-1"]
[WhiteElo "1605"]
[BlackElo "1605"]
[PlyCount "60"]
[EventDate "1997.??.??"]

{3/(13)} 1. d4 e6 2. e4 Ne7 3. Nf3 Ng6 4. Be3 Be7 5. Bd3 f6 6. Nc3 c6 7. O-O
O-O 8. Re1 d6 9. Qe2 Nd7 10. Rad1 Nb6 11. e5 f5 12. exd6 Qxd6 13. Qd2 Nd7 14.
Bc4 Nf6 15. h3 f4 16. Bxf4 Nxf4 17. Ne5 N4h5 18. g4 b5 19. Be2 b4 20. Na4 Ne4
21. Nc4 Qf4 22. Qxf4 Nxf4 23. Bf1 Ng5 24. Re3 Nd5 25. Re2 Ba6 26. b3 Rf4 27.
Nc5 Bxc5 28. dxc5 Nc3 29. Rd6 Nxe2+ 30. Bxe2 Nxh3+ 0-1

[Event "Lansing (MOR/2/11)"]
[Site "?"]
[Date "1997.??.??"]
[Round "?"]
[White "Bedy, N."]
[Black "Benjamin, H."]
[Result "1-0"]
[WhiteElo "1605"]
[BlackElo "1700"]
[PlyCount "95"]
[EventDate "1997.??.??"]

{2/(11)} 1. d4 b5 2. e4 a6 3. Nf3 Bb7 4. Bd3 Nf6 5. Nbd2 e6 6. c3 c5 7. O-O
cxd4 8. cxd4 Bb4 9. Qe2 O-O 10. e5 Nh5 11. Ne4 f5 12. exf6 Nxf6 13. Bg5 Be7 14.
Rac1 Bd5 15. Qc2 Nh5 16. Bxe7 Qxe7 17. Neg5 Bxf3 18. Bxh7+ Kh8 19. Nxf3 Nc6 20.
Be4 Rac8 21. Ne5 Nxe5 22. Qxc8 d5 23. dxe5 dxe4 24. Qc5 Qf7 25. Qd6 Nf4 26. Rc7
Qf5 27. Qe7 Rg8 28. Qh4+ Nh5 29. Rfc1 Kh7 30. Rc8 Rxc8 31. Rxc8 e3 32. fxe3
Qb1+ 33. Kf2 Qxb2+ 34. Kf3 Qxe5 35. Qe4+ Qf5+ 36. Qxf5+ exf5 37. Ra8 Kg6 38.
Rxa6+ Kg5 39. Rb6 Nf6 40. Rxb5 Ne4 41. Rb2 Kf6 42. a4 g5 43. h3 Kg6 44. a5 Nc5
45. a6 g4+ 46. hxg4 fxg4+ 47. Kxg4 Nd3 48. a7 1-0

[Event "Kalamazoo (MI Am/3/28)"]
[Site "?"]
[Date "1997.??.??"]
[Round "?"]
[White "Beckwith, Stan"]
[Black "Seppala, Travis"]
[Result "1-0"]
[WhiteElo "1905"]
[BlackElo "1605"]
[PlyCount "67"]
[EventDate "1997.??.??"]

{3/(28)} 1. d4 d5 2. c4 Nc6 3. Nf3 e6 4. e3 Bb4+ 5. Bd2 Nf6 6. Nc3 O-O 7. Rc1
Qe7 8. Be2 Na5 9. Ne5 Bd7 10. O-O dxc4 11. Nxc4 Nxc4 12. Bxc4 Qd6 13. f3 c5 14.
a3 Ba5 15. dxc5 Qxc5 16. Ba2 Rad8 17. b4 Qe5 18. bxa5 Qxa5 19. Qb3 Bc6 20. Rfd1
Rd3 21. Bb1 Rd6 22. Ne4 Bd5 23. Bxa5 Bxb3 24. Nxf6+ gxf6 25. Rxd6 b6 26. Bd2
Kh8 27. e4 e5 28. Rc7 Be6 29. Bd3 Rg8 30. Kf2 Bc8 31. Bc4 Rf8 32. Bxf7 Rxf7 33.
Rxf7 Kg8 34. Rc7 1-0

[Event "Kalamazoo (MI Am/4/17)"]
[Site "?"]
[Date "1997.??.??"]
[Round "?"]
[White "Beckwith, Stan"]
[Black "Holt, Dan"]
[Result "1-0"]
[WhiteElo "1905"]
[BlackElo "1605"]
[PlyCount "61"]
[EventDate "1997.??.??"]

{4/(17)} 1. d4 d5 2. c4 e6 3. Nc3 Nf6 4. Nf3 Nbd7 5. e3 Be7 6. Bd2 O-O 7. Rc1
b6 8. cxd5 Nxd5 9. Nxd5 exd5 10. Bb5 Bb7 11. O-O Nf6 12. Ne5 a6 13. Nc6 Qd7 14.
Nxe7+ Qxe7 15. Bc6 Rab8 16. Qb3 a5 17. Rc2 Qd6 18. Rfc1 Rfc8 19. Bxb7 Rxb7 20.
Rc6 Qd7 21. Bxa5 Ra8 22. Bb4 g6 23. Rxf6 c5 24. Ba3 Rab8 25. Qc3 c4 26. Qb4 Rd8
27. Rxb6 Rc7 28. Rd6 Qe8 29. h3 Rdc8 30. Rxd5 Qe4 31. Rc5 1-0

[Event "Tecumseh (RVO/3/7)"]
[Site "?"]
[Date "1997.??.??"]
[Round "?"]
[White "Beckman, R."]
[Black "Wood, C."]
[Result "1-0"]
[WhiteElo "1945"]
[BlackElo "1605"]
[PlyCount "33"]
[EventDate "1997.??.??"]

{3/(7)} 1. e4 c5 2. b4 cxb4 3. a3 d6 4. d4 g6 5. axb4 Bg7 6. c3 Nf6 7. Bd3 a6
8. Nf3 Be6 9. Ng5 Nbd7 10. d5 Nxd5 11. Nxe6 Bxc3+ 12. Nxc3 Nxc3 13. Nxd8 Nxd1
14. Nxb7 Nc3 15. Bb2 Ne5 16. Bxa6 Nxe4 17. Bb5+ 1-0

[Event "Tecumseh (RVO/5/10)"]
[Site "?"]
[Date "1997.??.??"]
[Round "?"]
[White "Beckman, R."]
[Black "Hollinsworth, Galon"]
[Result "1-0"]
[WhiteElo "1945"]
[BlackElo "1605"]
[PlyCount "41"]
[EventDate "1997.??.??"]

{5/(10)} 1. e4 e5 2. f4 Qh4+ 3. g3 Qf6 4. fxe5 Qxe5 5. Nc3 Bb4 6. Nf3 Qa5 7.
Ne2 Qb6 8. c3 Be7 9. d4 d6 10. Nf4 Be6 11. Bd3 Nd7 12. Qe2 O-O-O 13. b4 Bg4 14.
Nd5 Qc6 15. b5 Bxf3 16. Qxf3 Ne5 17. dxe5 Qe8 18. Qg4+ Kb8 19. Qxg7 dxe5 20.
Qxh8 c6 21. Qxe5+ 1-0

[Event "Tecumseh (RVO/1/5)"]
[Site "?"]
[Date "1997.??.??"]
[Round "?"]
[White "Beckham, R."]
[Black "Ryan, Mark"]
[Result "0-1"]
[WhiteElo "1945"]
[BlackElo "1605"]
[PlyCount "58"]
[EventDate "1997.??.??"]

{1/(5)} 1. e4 c5 2. b4 cxb4 3. a3 d6 4. axb4 Nf6 5. Bc4 e5 6. Nc3 Be6 7. Bb5+
Nc6 8. d4 d5 9. exd5 Nxd5 10. Nge2 Nxc3 11. Nxc3 Bxb4 12. Bd2 Qxd4 13. Qf3 O-O
14. Rd1 Rac8 15. Ne2 Bxd2+ 16. Rxd2 Qa1+ 17. Rd1 Qa5+ 18. Nc3 Nd4 19. Rxd4 exd4
20. O-O dxc3 21. Bd3 Rc5 22. Rb1 Rg5 23. Qe3 Re5 24. Qg3 Re8 25. h4 Bf5 26. Bc4
Re1+ 27. Rxe1 Rxe1+ 28. Kh2 Re8 29. Qg5 Qc7+ 0-1

[Event "Lansing (MOR/2/9)"]
[Site "?"]
[Date "1997.??.??"]
[Round "?"]
[White "Barta, Roger"]
[Black "Vorhauer, Sam"]
[Result "1-0"]
[WhiteElo "1705"]
[BlackElo "1605"]
[PlyCount "73"]
[EventDate "1997.??.??"]

{2/(9)} 1. e4 c5 2. Nc3 Nc6 3. g3 d6 4. Bg2 g6 5. d3 Bg7 6. f4 e6 7. Nf3 a6 8.
O-O b5 9. a3 Bb7 10. Rb1 Nge7 11. Be3 Qc7 12. Ne2 Na7 13. Qd2 O-O 14. Nh4 f5
15. c3 Rac8 16. h3 Nac6 17. g4 Kh8 18. Ng3 Qd7 19. gxf5 gxf5 20. Qf2 Nb8 21.
Kh2 Rf7 22. d4 cxd4 23. Bxd4 Rcf8 24. Bxg7+ Kxg7 25. Qd4+ Kg8 26. exf5 Bxg2 27.
Kxg2 Nxf5 28. Nhxf5 exf5 29. Rbd1 Rf6 30. Kh2 R8f7 31. Rg1 Kf8 32. Rde1 Nc6 33.
Qd5 Ne7 34. Qd4 Rh6 35. Qh8+ Ng8 36. Nh5 Rxh5 37. Qxg8# 1-0

[Event "Lansing (MOR/4/2)"]
[Site "?"]
[Date "1997.??.??"]
[Round "?"]
[White "Barta, Roger"]
[Black "Kane, Paul"]
[Result "1-0"]
[WhiteElo "1705"]
[BlackElo "1635"]
[PlyCount "63"]
[EventDate "1997.??.??"]

{4/(2)} 1. e4 c5 2. Nc3 Nc6 3. g3 g6 4. Bg2 Bg7 5. d3 d6 6. Be3 e6 7. Qd2 Rb8
8. Nge2 Nd4 9. Nd1 e5 10. c3 Bh3 11. cxd4 Bxg2 12. Rg1 Bxe4 13. dxe4 cxd4 14.
Nxd4 exd4 15. Bxd4 Nf6 16. Nc3 O-O 17. O-O-O Qc7 18. Bxf6 Bxf6 19. Qxd6 Be5 20.
Qxc7 Bxc7 21. Nd5 Be5 22. f4 Bg7 23. Ne7+ Kh8 24. Rd7 Rfd8 25. Rgd1 Rxd7 26.
Rxd7 Bf8 27. Nd5 Kg7 28. e5 a5 29. e6 Rc8+ 30. Kd1 Kg8 31. Nf6+ Kg7 32. Rxf7+
1-0